Halterofilia: guía completa para deportistas y entrenadores

Tallennettuna:
Bibliografiset tiedot
Päätekijä: Everett, Greg (Tekijä)
Aineistotyyppi: Kirja
Kieli:espanja
Julkaistu: Badalona Paidotribo 2015
Painos:1a. ed
Aiheet:
Tagit: Lisää tagi
Ei tageja, Lisää ensimmäinen tagi!

MARC

LEADER 00000cam a2200000 a 4500
001 UCC2210
003 CL-VaPUC
008 180114e20150000sp |||||||||||||||||spa|d
020 |a 9788499105642 
082 0 4 |a 796.41  |b EVE  |2 21 
100 0 |a Everett, Greg  |e author  |9 596324 
245 1 0 |a Halterofilia: guía completa para deportistas y entrenadores 
250 |a 1a. ed 
300 |a 407 p 
942 |c BK 
945 |d 20180114 20:51:00  |a dcastane 
260 |a Badalona  |b Paidotribo  |c 2015 
650 7 |a HALTEROFILIA  |2 CL-VaPUC  |9 596325 
650 7 |a ENTRENAMIENTO ATLETICO  |2 CL-VaPUC  |9 596326 
650 7 |a LEVANTAMIENTO DE PESAS  |2 CL-VaPUC  |9 477886 
583 |a last modification  |c 20180114 20:51:00  |k Rodrigo Vera 
999 |c 370449  |d 370447 
952 |0 0  |1 0  |3 erb  |4 0  |6 796_410000000000000_EVE_2015  |7 0  |8 A  |9 486941  |a BIBEDU  |b BIBEDU  |i 5447860  |l 7  |m 3  |o 796.41 EVE 2015  |p 5447860  |r 2024-12-05  |s 2024-12-03  |w 2019-11-24  |y BK  |z Catalogado en:20180114  |k EFI